000 00791nab a2200241 u 4500
001 15984
003 HDC
007 cr bn ---aaaaa
008 210220c |r|noo 0 a d
040 _aHDC
245 0 _aMalaysian Muslim entrepreneurs urged to dominate halal products market
260 _aPetaling Jaya :
_bMalay Mail,
_c2013
336 _atext
_2rdacontent
337 _acomputer
_2rdamedia
338 _aonline resource
_2rdacarrier
650 _aHalal product
_948
650 _aMuslim entrepreneur
_91400
710 _aMalay Mail
856 _zRequest full-text at [email protected]
942 _2lcc
942 _cNEWS
942 _kNWSO 009002
999 _c13300
_d13300